000
00287nam a2200097Ia 4500
008
220204s9999 xx 000 0 und d
082
_a
NR:63:930.25
_b
ARC.46
245
0
_a
Reaction of pueraria phaseoloides and centrosema pubescens to neburon
260
_a
Malaysia
_b
RRIM
_c
1965
942
_c
BK
999
_c
22754
_d
22754